Guide pratique propriťaire bailleur et de ses conseillers

Detalles Bibliográficos
Autor principal: Jammar, Pierre
Formato: Desconocido
Lenguaje:francés
Publicado: Bľgica : Edipro, 2008
Materias:
Acceso en línea:Acceso restringido

MARC

LEADER 00000ny a22000003n 4500
005 20110621100648.0
008 091211s2008 be 000 0 fre d
020 |a 9782874960017 
035 |a 2351 
040 |a BUS   |d vLex 
090 |c 896  |d 896 
100 1 |a Jammar, Pierre  
245 1 0 |a Guide pratique propriťaire bailleur et de ses conseillers  |h [Recurso electrn̤ico]  |c Pierre Jammar  
256 |a Servicio en ln̕ea 
260 |a Bľgica :  |b Edipro,  |c 2008 
300 |a p. ;  |c cm 
506 1 |a Contenido solo disponible en los productos indicados  |d vLex Global  |d vLex Global (Academic Edition, excluding Law Schools)  |d vLex Global (U.S. Academic Edition, Law Schools)  |d vLex Global (U.S. Academic Edition, excluding Law Schools)  |d vLex Global (Academic Edition, Law Schools) 
650 0 4 |a Propiedad rs︢tica  |z Francia 
740 0 |a vLex Libros (Servicios en ln̕ea) 
856 4 0 |u http://vlex.com/source/2351  |z Acceso restringido 
942 |c BOOK 
999 0 |a Property   |b Bľgica